Wszystkie Stolice Europy na mapie - Statystyki

Ogólne statystyki
  • Ten quiz został rozwiązany 273 razy
  • Średni wynik to 37 z 45
Odpowiedzi na mapie
Odpowiedzi zakodowano w zielono-czerwonej skali na mapie do tego quizu, zgodnie z poniższymi procentami.
 
Statystyki odpowiedzi
Kraj Stolica % Poprawnych
Polska Warszawa
99%
Niemcy Berlin
97%
Francja Paryż
96%
Hiszpania Madryt
95%
Wielka Brytania Londyn
94%
Ukraina Kijów
93%
Rosja Moskwa
93%
Czechy Praga
92%
Watykan Watykan
92%
Grecja Ateny
91%
Norwegia Oslo
91%
Portugalia Lizbona
90%
Włochy Rzym
90%
Belgia Bruksela
89%
Holandia Amsterdam
88%
San Marino San Marino
88%
Andora Andora
87%
Luksemburg Luksemburg
87%
Białoruś Mińsk
87%
Monako Monako
87%
Austria Wiedeń
86%
Węgry Budapeszt
85%
Rumunia Bukareszt
85%
Irlandia Dublin
85%
Finlandia Helsinki
85%
Dania Kopenhaga
85%
Szwecja Sztokholm
85%
Litwa Wilno
85%
Łotwa Ryga
84%
Islandia Reykjavik
80%
Chorwacja Zagrzeb
80%
Słowacja Bratysława
79%
Bułgaria Sofia
77%
Szwajcaria Berno
75%
Estonia Tallinn
74%
Bośnia i Hercegowina Sarajewo
72%
Albania Tirana
69%
Liechtenstein Vaduz
69%
Serbia Belgrad
68%
Malta Valletta
66%
Słowenia Lublana
65%
Mołdawia Kiszyniów
63%
Czarnogóra Podgorica
61%
Macedonia Północna Skopje
61%
Kosowo Prisztina
57%
Nie znaleziono quizów pasujących do podanych kryteriów
Rozkład punktacji
Procent ludzi z każdym wynikiem
Percentyl według liczby udzielonych odpowiedzi
Twoja historia wyników
Nie rozwiązałeś tego quizu